Influence of mechanical deformation on the electrical properties of high-temperature superconductor tapes : dátum obhajoby 27.7.2021

Enregistré dans:
Détails bibliographiques
Auteur principal: Kujovič, Tomáš (Auteur)
Autres auteurs: Gömöry, Fedor (Directeur de thèse)
Format: Manuscrit Livre
Langue:slovaque
anglais
Publié: Bratislava : STU v Bratislave FEI, 2021
Sujets:
Accès en ligne:http://is.stuba.sk/zp/portal_zp.pl?podrobnosti=144873
Tags: Ajouter un tag
Pas de tags, Soyez le premier à ajouter un tag!

MARC

LEADER 00000ntm a22000003a 4500
001 stuzp66067
003 SK-STU
005 20230509124929.5
007 ta
008 150427s2015----xo-----f-mn---000-0-slo-d
040 |a STU  |b slo 
041 0 |a eng 
044 |a xo 
100 1 |a Kujovič, Tomáš  |u 036000  |4 aut  |U FEI Fakulta elektrotechniky a informatiky  |T FEI Ústav jadrového a fyzikálneho inžinierstva  |X 55009  |U E060  |Y 817  |7 55009 
242 0 1 |a Vplyv mechanických deformácií na elektrické vlastnosti pások na báze vysokoteplotných supravodičov  |y slo 
245 1 0 |a Influence of mechanical deformation on the electrical properties of high-temperature superconductor tapes :  |b dátum obhajoby 27.7.2021 
260 |a Bratislava :  |b STU v Bratislave FEI,  |c 2021 
300 |a 115 s.,  |b AUTOREF. 21, 22 s. 
500 |a Len v elektronickej podobe 
650 4 |a čiarové deformácie  |2 slo 
650 4 |a supravodivé pásky  |2 slo 
650 4 |a mechanická deformácia  |2 slo 
650 4 |a elektrické vlastnosti  |2 slo 
650 4 |a electrical properties  |2 eng 
650 4 |a line-like deformation  |2 eng 
650 4 |a superconducting tape  |2 eng 
650 4 |a coated conductor  |2 eng 
650 4 |a mechanical deformation  |2 eng 
700 1 |a Gömöry, Fedor  |4 ths  |X 16982  |7 A000016982 
856 4 |u http://is.stuba.sk/zp/portal_zp.pl?podrobnosti=144873 
996 |b 284ED01673  |c E*ZP-536  |l EE01  |s P  |a 0  |w stuzp66067_0001